000 00690cam a22002297a 4500
001 001808
003 armpunfd
005 20140612090650.0
008 051014e0####xx#a##########000#0#und#d
040 _aarmpunfd
_carmpunfd
080 _a340.1 L 615
245 1 0 _aLiberacion y derecho
260 _a Uenos Aires : Universidad Nacional Y Popular De Buenos Aires
_b1973. 273 P.
650 7 _a Constituciones
_2LEMB
650 7 _a Filosofia Del Derecho
_2LEMB
650 7 _a Logica Juridica
_2LEMB
650 7 _a Ramas Del Derecho
_2LEMB
650 7 _a Revoluciones
_2LEMB
650 7 _a Teoria General Del Derecho
_2LEMB
942 _cLB
_2cdu
945 _aCatalis
_d2010-08-19
999 _c1799
_d232303